|
|
|
|
| LEADER |
01070nam a22003377a 4500 |
| 001 |
30187 |
| 003 |
BD-DhAAL |
| 005 |
20151025165954.0 |
| 008 |
151021s1996 bg a|||| b||| 00| 0 eng d |
| 040 |
|
|
|a BD-DhAAL
|c BD-DhAAL
|
| 082 |
|
|
|2 22
|a 307.1412095492
|
| 999 |
|
|
|c 35913
|d 35913
|
| 999 |
|
|
|c 35911
|
| 999 |
|
|
|c 35910
|
| 999 |
|
|
|c 35909
|
| 999 |
|
|
|c 35869
|
| 999 |
|
|
|c 35868
|
| 999 |
|
|
|c 35864
|
| 999 |
|
|
|c 35863
|
| 100 |
|
|
|9 15609
|a Zaman, Hassan
|
| 245 |
|
|
|a Microcredit programs :
|b who participates and to what extent? working paper no. 12 /
|c Zaman Hassan
|
| 260 |
|
|
|a Dhaka :
|b BRAC-ICDDR,B joint research project, BRAC,
|c 1996
|
| 300 |
|
|
|a 21 p. :
|b ill. ;
|c 28 cm.
|
| 541 |
|
|
|e 30187
|
| 610 |
|
|
|a BRAC
|9 15610
|
| 650 |
|
|
|a Rural Development
|z Bangladesh
|9 15611
|
| 700 |
|
|
|9 15732
|
| 710 |
|
|
|a BRAC
|9 15610
|
| 852 |
|
|
|a Ayesha Abed Library
|c BRAC Resource Section
|
| 942 |
|
|
|2 ddc
|c BK
|
| 952 |
|
|
|0 0
|1 0
|2 ddc
|4 0
|6 307_141209549200000_ZAM
|7 0
|9 56434
|a BRACUL
|b BRACUL
|c BRS
|d 2015-10-25
|e BRAC
|l 0
|o 307.1412095492 ZAM
|p 3010030187
|r 2015-10-25
|t 1
|w 2015-10-25
|y BK
|